| 000 | 00564nam a22002057a 4500 | ||
|---|---|---|---|
| 003 | BD-ChCU | ||
| 005 | 20260514101447.0 | ||
| 008 | 260514b ny ||||| |||| 00| 0eng d | ||
| 020 | _a9781265446635 | ||
| 040 | _cBD-ChCU | ||
| 082 |
_223 _a615.1 K11 |
||
| 245 |
_aKatzungs basic and clinical pharmacology/ _cEdited by Todd W Vanderah. |
||
| 250 | _a16ed. | ||
| 260 |
_aNew York : _bMcGraw- Hill, _c2024 |
||
| 300 | _a1348 P. : | ||
| 504 | _aIncludes. | ||
| 650 | 0 |
_aPharmacology. _922990 |
|
| 700 |
_aVanderah, Todd W. _922991 _eEditor |
||
| 942 |
_2ddc _cBK _n0 |
||
| 999 |
_c112977 _d112977 |
||